000 00857nas a2200253 4500
001 BR9501873
003 BR-BrBNA
005 20231205093934.0
007 ta
008 230509b bl.|||p| |||| 00| 00por d
040 _aBR-BrBNA
_bpor
_cBiblioteca Nacional de Agricultura
041 _a(Pt)
072 _aL73
100 1 _aBarcelos, D.E.S.N.
100 1 _aBorowski, S.M.
100 1 _aFallavena, L.C.B.
100 1 _aOliveira, S.J.
245 1 _aEpidermite exsudativa suina: caracteristicas clinicas e epidermiologicas de surto da doenca em leitoes desmamados
650 _aSUÍNO
650 _aEpidermite Exsudativa
773 0 _tArquivos da Faculdade de Veterinaria da Universidade Federal do Rio Grande do Sul (Brazil)
_xISSN 0101-5230
_g(1992), v. 20 p. 09-20
_wBR9501873
909 _a202311
_bLúcia
_c55
_dLúcia Elande
942 _2AGRIS
_n0
_cANA
999 _c141202
_d141202